Tips and traps for getting started as a real estate agent
This book includes: Manage your time for maximum efficiency; Work less and earn more by closing bigger deals; Bring in more referrals so you can stop hunting for clients; Take home a bigger commission in every deal.
Enregistré dans:
| Auteur principal: | |
|---|---|
| Format: | Livre |
| Langue: | Undetermined |
| Publié: |
New York
McGraw-Hill
2007
|
| Sujets: | |
| Tags: |
Ajouter un tag
Pas de tags, Soyez le premier à ajouter un tag!
|
| Thư viện lưu trữ: | Trung tâm Học liệu Trường Đại học Cần Thơ |
|---|
| LEADER | 00777nam a2200205Ia 4500 | ||
|---|---|---|---|
| 001 | CTU_124100 | ||
| 008 | 210402s9999 xx 000 0 und d | ||
| 020 | |c 303000 | ||
| 082 | |a 333.330681 | ||
| 082 | |b I.65 | ||
| 100 | |a Irwin, Robert | ||
| 245 | 0 | |a Tips and traps for getting started as a real estate agent | |
| 245 | 0 | |c Robert Irwin | |
| 260 | |a New York | ||
| 260 | |b McGraw-Hill | ||
| 260 | |c 2007 | ||
| 520 | |a This book includes: Manage your time for maximum efficiency; Work less and earn more by closing bigger deals; Bring in more referrals so you can stop hunting for clients; Take home a bigger commission in every deal. | ||
| 650 | |a Real estate business,Real estate agents | ||
| 904 | |i Nguyên | ||
| 980 | |a Trung tâm Học liệu Trường Đại học Cần Thơ | ||